000 00544nam a2200181 i 4500
001 129853
003 ES-MaACL
007 t|
008 070709s1955 sp ||||1| spa d
100 1 _aZubiria, Ramón de.
_9118412
245 1 3 _aLa poesía de Antonio Machado /
_cRamón de Zubiria.
260 _aMadrid :
_bGredos,
_c[1955] (
_fClavileño)
300 _a307 p. ;
_c20 cm.
490 1 _aBiblioteca románica hispánica
830 0 _aBiblioteca románica hispánica
_9180746
852 _aES-MaACL
_jC-9814
_bR.37700
999 _c129853
_d129853